Регионална библиотека "Любен Каравелов" - Русе

Горе ръцете! или враг №1 | Животът на Иван Семьонов (Запис номер 145574)

MARC детайли
000 -Лидер
Контролно поле с фиксирана дължина nam a22 a 4500
003 - Код на организацията, давaща контролен номер
Контролно поле BLK
005 - Дата и час на последна редакция
Контролно поле 20230130110940.0
008 - Елементи от данни с фиксирана дължина
fixed length control field 180410b bul|||||r ||||||| ||bul||
010 ## - Наследен системен номер
LC control number KNG00151755000
040 ## - Източник на каталожния запис
Идентификатор на билиотеката - собственик на записа BLK
041 ## - Код за език
Код за езика на текст/звукозапис или на отделно заглавие Български
Код за езика КДБФ Български
080 ## - УДК
Текстов определител УДК Руска литература
УДК код - определител по УДК 821.161.1
УДК определител -93-31
УДК - код + определител 821.161.1-93-31
080 ## - УДК
Текстов определител УДК Руска литература
УДК код - определител по УДК 821.161.1
УДК определител -93-32
УДК - код + определител 821.161.1-93-32
100 1# - Редна дума - Автор
Автор Давидичев, Лев Иванович
Авторска отговорност първи автор
R(LIN) 57846
139 ## - Редно поле
Редна дума Давидичев, Лев Иванович
Авторски знак Дав - Д 13
245 10 - Сведения за заглавието
Заглавие Горе ръцете! или враг №1
Подзаглавни данни Роман [за деца]
Редно поле (дума) Лев Иванович Давидичев; прев. от рус. Божана Георгиева; худож. Генчо Симеонов.
245 10 - Сведения за заглавието
Заглавие Животът на Иван Семьонов
Подзаглавни данни Повест
257 ## - Страна на издаване
Страна на създаване/издаване СССР
260 ## - Област на издателските данни
Място на издаване, разпространение и проч. София
Име на издателя, разпространителя и проч. Отечество
Година на издаване 1979
300 ## - Физическа характеристика
Страници 448 с.
Илюстрации и др. с ил.
Размери/Мащаб 22 см
380 ## - Жанр
Жанр Детска худож. лит.
490 ## - СЕРИИ (Колекции)
Име на серия Библиотека Смехурко
№: серия 7
9 (RLIN) 203852
500 ## - Общи забележки
Забележка Прев. от Друзья мои приятели и др. - 65 115 тир. - Съдържа и повестта Животът на Иван Семьонов.
653 ## - Ключова дума – ненормативна
Ключова дума детска литература
653 ## - Ключова дума – ненормативна
Ключова дума литература за деца
700 1# - Други автори (авторска отговорност)
Лично име Георгиева, Божана
Автороска отговорност (Описва отношението между автора и произведението) прев. от рус.
9 (RLIN) 274952
700 1# - Други автори (авторска отговорност)
Лично име Симеонов, Генчо
Автороска отговорност (Описва отношението между автора и произведението) худож.
9 (RLIN) 376995
852 ## - Местоположение
Форматна сигнатура Цб 262665
856 4# - Електронен адрес и достъп
Електронен формат pdf - файл
Инструкция (цена за достъп) 1.98
Права за достъп disable
856 4# - Електронен адрес и достъп
Електронен формат pdf - файл
Инструкция (цена за достъп) 1.98
Права за достъп disable
999 ## - СИСТЕМНИ КОНТРОЛНИ НОМЕРА
Koha biblionumber 145574
Koha biblioitemnumber 145574
942 ## - АРТИКУЛИ
Вид на библиотечния материал Книги
Скрит в OPAC Не
Koha issues (borrowed), all copies 1
Периодичен библиозапис Да
944 ## - СЪЗДАВАНЕ И РЕДАКЦИЯ на ЗАПИСА
Създаване/Редакция Създаване
Дата на регистрацията/редакция 14.10.2013
Статус, дата на статуса 14.10.2013 - от С1,Р / 14.10.2013
Служител, извършил регистрацията/редакцията Ивайло_Василев
944 ## - СЪЗДАВАНЕ И РЕДАКЦИЯ на ЗАПИСА
Създаване/Редакция Редакция
Дата на регистрацията/редакция 14.10.2013
Статус, дата на статуса 14.10.2013 - от С1,Р / 14.10.2013
999 ## - СИСТЕМНИ КОНТРОЛНИ НОМЕРА
Koha biblioitemnumber 145574
999 ## - СИСТЕМНИ КОНТРОЛНИ НОМЕРА
Koha biblioitemnumber 145574
Наличности
Код за отписване Код за изгубен артикул Източник на класификационната схема Код за повреда Коз за рестрикции Код за отдаване Артикулен № Име на библиотеката - собственик Име на библиотеката, в която се намира в момента Статус (Текущо местоположение) Дата на вписване в системата Местоположение - отдел Цена в лева Инвентарен номер Систематично азбучна сигнатура Баркод Номер на екземпляра Цена в евро Служебна бележка Служебен тип на артикула Бележка за публиката
  Не е изгубен Universal Decimal Classification Не е повреден без рестрикции ползва се в читалня 241782 Регионална библиотека "Любен Каравелов" Русе Регионална библиотека "Любен Каравелов" Русе Хранилище 1979-01-01 Хранилище 1.98 293969 Цб 262665 120000293969 1 1.01 N: стар фонд Дата: 01.01.1979 Книги  
  Не е изгубен Universal Decimal Classification Не е повреден без рестрикции заемане за дома 241783 Регионална библиотека "Любен Каравелов" Русе Регионална библиотека "Любен Каравелов" Русе Детски отдел 1979-01-01 Детски отдел 1.98 296959 ДХ 820/899/Д 13 120000296959 2 1.01 N: стар фонд Дата: 01.01.1979 Дата инв: 08.09.2015 Бележки инв: Д2015 Книги  
Изтеглен Не е изгубен   Не е повреден без рестрикции заемане за дома 241784 Регионална библиотека "Любен Каравелов" Русе Регионална библиотека "Любен Каравелов" Русе   1979-01-01 Детски отдел 1.98 296965 ДХ 820/899/Д 13 296965 3 1.01 N: стар фонд Дата: 01.01.1979 Дата инв: 08.09.2015 Бележки инв: Д2015 Книги Отч.N: 37/17 , Дата: 06.09.2017
Изтеглен Не е изгубен   Не е повреден без рестрикции заемане за дома 241785 Регионална библиотека "Любен Каравелов" Русе Регионална библиотека "Любен Каравелов" Русе   1979-01-01 Детски отдел 0.50 633592 ДХ 820/899/Д 13 633592 4 0.26 N: стар фонд Дата: 01.01.1979 Дата инв: 08.09.2015 Бележки инв: Д2015 Книги Отч.N: 37/17 , Дата: 06.09.2017
Изтеглен Не е изгубен Universal Decimal Classification Не е повреден без рестрикции заемане за дома 241786 Регионална библиотека "Любен Каравелов" Русе Регионална библиотека "Любен Каравелов" Русе Детски отдел 1979-01-01 Детски отдел 5.00 655197 ДХ 820/899/Д 13 655197 5 2.56 N: стар фонд Дата: 01.01.1979 Дата инв: 08.09.2015 Бележки инв: Д2015 Книги  
Vip Innovations Ltd, Rousse, Bulgaria 2025